The Grolier international dictionary

Bibliographic Details
Main Author: Grolier Incorporated (Author)
Format: Book
Published: Danbury, CT : Grolier , c1987
Subjects:

MARC

LEADER 00000cam a2200000 7i4500
001 0000005309
005 20210308093000.0
008 021118s1987
020 |a 0717285006 
090 0 0 |a AG1   |b .G7 1987 
245 0 4 |a The Grolier international dictionary 
260 2 |a Danbury, CT :   |b Grolier ,   |c c1987 
300 |a 2 v. ;   |c 28 cm. 
650 0 |a Encyclopedias and dictionaries 
700 0 |a Grolier Incorporated ,   |e author 
999 |a 1000014721   |b Book   |c Reference   |e Gong Badak Campus 
999 |a 1000014722   |b Book   |c Reference   |e Gong Badak Campus